=LDR 00000nam 2200000 4500 =001 INLIS000000000035268 =005 20210722104817 =035 ##$$a 0010-061300000035268 =008 210722################g##########0#ind## =041 ##$$a ind =082 ##$$a 340.02 =090 ##$$a 340.02, Bun b =245 ##$$a Bunga rampai hukum : $b Karya tulis ilmiah bidang hukum, /$c ,Ajarotni Nasution =260 ##$$a Jakarta :$b Badan Pembinaan Hukum Nasional,$c 2008 =650 #4$$a Hukum-Bunga Rampai =700 #$$a Nasution,Ajarotni =850 ##$$a NBPNMAT =084 ##$$a 340.02 BUN b =300 ##$$a iii, 216 hlm. ; $c 21 x 15 cm. =990 ##$$a 30801899